Powiaty , które graniczną z powiatem bocheńskim - Statystyki

Ogólne statystyki
  • Ten quiz został rozwiązany 5 razy
  • Średni wynik to 4 z 6
Statystyki odpowiedzi
Odpowiedź % Poprawnych
Brzeski 1
100%
Limanowski 3
80%
Wielicki 6
80%
Krakowski 2
60%
Myślenicki 4
60%
Proszowicki 5
60%
Nie znaleziono quizów pasujących do podanych kryteriów
Rozkład punktacji
Procent ludzi z każdym wynikiem
Percentyl według liczby udzielonych odpowiedzi
Twoja historia wyników
Nie rozwiązałeś tego quizu